| 000 | 00873nam a22002297a 4500 | ||
|---|---|---|---|
| 999 |
_c2977 _d2977 |
||
| 003 | AR-CdUCM | ||
| 008 | 190305b ||||| |||| 00| 0 spa d | ||
| 040 |
_aMUNICIPALIDAD PROVINCIAL DEL CUSCO _cBIBLIOTECA MUNICIPAL DEL CUSCO |
||
| 082 |
_a382.3 / _bIN53 |
||
| 100 |
_aIngram, James _910170 |
||
| 245 | _aProblemas Económicos Internacionales / | ||
| 260 |
_aBuenos Aires : _bAmorrortu Editores, _c1970. |
||
| 300 |
_a216 paginas ; _bIlustraciones, _c19cm. |
||
| 500 | _aBiblioteca de economía política Serie Introductoria | ||
| 505 | _aContenido- Por que comercian las naciones -- Aranceles -- Mecanismos monetarios mundiales -- Intercambio comercial -- Integración economica... | ||
| 650 |
_aEconomia internacional _93982 |
||
| 650 |
_aComercio Internacional _910171 |
||
| 650 |
_aEuropa _91221 |
||
| 650 |
_aSiglo XX _98 |
||
| 942 |
_2ddc _cLIBROS |
||
| 945 | _apjha | ||